Statistics for Coldplay Song Initials

Click here to take the quiz!

General Stats

  • This quiz has been taken 56 times
  • The average score is 17 of 30

Answer Stats

InitialsSong% Correct
VLVViva la Vida
97%
FYFix You
87%
U&UUp & Up
85%
CBCharlie Brown
79%
VHViolet Hill
72%
ETIAWEvery Teardrop is a Waterfal
69%
SOSSpeed of Sound
69%
AOALAdventure of a Lifetime
67%
ASFOSA Sky Full of Stars
67%
DPDon't Panic
67%
AHFODA Head Full of Dreams
64%
GPASUYFGod Put a Smile upon Your Face
64%
IMPIn My Place
64%
HFTWHymn for the Weekend
62%
POCPrincess of China
62%
TSThe Scientist
62%
THPThe Hardest Part
59%
LIJLovers in Japan
54%
SSStrawberry Swing
54%
DAAHFDeath and All His Friends
46%
ELEveryday Life
46%
HLHHurts Like Heaven
46%
TLTrue Love
46%
COLCemeteries of London
44%
LITLife in Technicolor
41%
MMMajor Minus
41%
UATWUs Against the World
38%
UWTBUp with the Birds
36%
UIFUp in Flames
33%
AAAnother's Arms
28%

Score Distribution

Percentile by Number Answered

Percent of People with Each Score

Your Score History

You have not taken this quiz